Science Quiz

Random Science or Chemistry Quiz

Elements: Which Letter Is Missing? Quiz Stats

 Plays Quiz Updated Dec 1, 2016

Also try: Element per Letter
Challenge
Share
Tweet
Score 0/20 Timer 07:00
3 Plays Today
% Correct
He (Helium)
80.5%
Fe (Iron)
74.6%
Li (Lithium)
67.7%
Mg (Magnesium)
65.9%
Kr (Krypton)
64.2%
Be (Beryllium)
60%
Al (Aluminium)
49%
Ca (Calcium)
44.7%
Br (Bromine)
44.5%
La (Lanthanum)
39.1%
% Correct
Ar (Argon)
38.4%
Au (Gold)
37.2%
Cu (Copper)
36.3%
Hg (Mercury)
36.2%
Ge (Germanium)
35.4%
Zn (Zinc)
24.5%
Cd (Cadmium)
23.9%
Mc (Moscovium)
21.5%
Ra (Radium)
20.6%
Md (Mendelevium)
17%

You're not logged in!

Compare scores with friends on all Sporcle quizzes.
Join for Free
OR
Log In

You Might Also Like...

Show Comments

Extras

Top Quizzes Today


Score Distribution

Your Account Isn't Verified!

In order to create a playlist on Sporcle, you need to verify the email address you used during registration. Go to your Sporcle Settings to finish the process.

Report this User

Report this user for behavior that violates our Community Guidelines.

Details: